Trombe-walls /

محفوظ في:
التفاصيل البيبلوغرافية
مؤلفون آخرون: Dahle, Terje Nils
التنسيق: كتاب
اللغة:English
منشور في: Stuttgart : IRB-Verlag, 1989.
الطبعة:1st ed.
سلاسل:ICONDA-bibliography, no. 30
الموضوعات:
LEADER 00971nam a2200253 a 4500
001 c000118696
003 CARM
005 20010116114153.0
008 001221s1989 gw b 001 0 eng
019 1 |a 22130024  |5 LACONCORD2021 
035 |a (OCoLC)222887219  |5 LACONCORD2021 
040 |a VU  |b eng  |c VU 
245 0 0 |a Trombe-walls /  |c editor, Terje Nils Dahle. 
250 |a 1st ed. 
260 |a Stuttgart :  |b IRB-Verlag,  |c 1989. 
300 |a 31 p. ;  |c 21 cm. 
440 0 |a ICONDA-bibliography,  |x 0936-2193 ;  |v no. 30 
500 |a Includes indexes. 
650 0 |a Solar buildings  |x Design and construction  |v Bibliography. 
650 0 |a Architecture, Modern  |y 20th century  |x Environmental aspects  |v Bibliography. 
700 1 |a Dahle, Terje Nils. 
852 8 |b CARM  |h A2:AI21C0  |i B04240  |p 0195065  |f BK 
999 f f |i d51e949c-a1a6-568a-ae4b-414a6f536b95  |s 3096176d-30ae-5526-8a4c-51f114ca03e8 
952 f f |p Can circulate  |a CAVAL  |b CAVAL  |c CAVAL  |d CARM 1 Store  |e B04240  |f A2:AI21C0  |h Other scheme  |i book  |m 0195065